|
|
|
|
| LEADER |
00000nam a2200000 a 4500 |
| 001 |
vtls001333370 |
| 003 |
SK-MaSNL |
| 005 |
20260301235741.0 |
| 008 |
251113s1952 xo aa 0 0 slo |
| 035 |
|
|
|a SNK000286290
|
| 040 |
|
|
|a SNK
|b slo
|c SNK
|e AACR2
|
| 041 |
0 |
|
|a slo
|
| 044 |
|
|
|a xo
|c SK
|
| 080 |
|
|
|a 75(47)"18"(084.12)
|2 1981
|
| 100 |
1 |
|
|a Fiala, Vladimír,
|d 1922-1997
|4 aut
|9 131673
|
| 245 |
1 |
0 |
|a Ruské maliarstvo 19. storočia
|c Vladimír Fiala
|
| 260 |
|
|
|a Bratislava
|b Tvar
|c 1952
|
| 300 |
|
|
|a 236 s., 10 s. fareb. obr. reprod. príl.
|c 31 cm
|
| 490 |
1 |
|
|a Knižnica, umenie a spoločnosť
|v 1
|
| 500 |
|
|
|a D1 náhrada za stratený ex.
|
| 650 |
0 |
7 |
|a ruské maliarstvo
|2 SNK
|9 83761
|
| 830 |
|
0 |
|a Knižnica, umenie a spoločnosť
|9 633405
|
| 958 |
|
|
|a OND
|
| 999 |
|
|
|c 976458
|d 978388
|
| 952 |
|
|
|t P60, <03>, [BOOK], {603}
|a SNK
|b SNK
|y PREZ
|7 0
|p 17A0739421
|o snkSB 1575/1
|0 0
|1 0
|4 0
|d 1998-06-04
|f 1
|l 0
|r 2025-02-07 00:00:00
|w 2026-02-24
|
| 952 |
|
|
|a SNK
|b SNK
|y VYP
|7 0
|p 17A0140642
|o snkSB 1575/1 D1
|i snkK 971/98
|8 3
|3 Popísaná, uvoľnené strany 11-12
|0 0
|1 0
|4 0
|d 1998-06-04
|l 0
|r 2005-01-02 00:00:00
|w 2026-02-24
|